000
00277nam a2200109Ia 4500
005
20251222141942.0
008
251222s9999||||xx |||||||||||||| ||spa||
082
_a
351.918.5/D44
245
0
_a
Descentralización y buen gobierno:
264
_b
Defensoría del Pueblo
942
_c
LIB
999
_c
9394
_d
9394